THE MODEL OF OUTPUT OF PRESSURE FORCE SENSOR BY NEURAL NETWORK

Bibliographic Details
Main Author: Vojtko, Jozef, 1976- (Author)
Format: Article
Language:English
ISBN:8096839527

MARC

LEADER 00000naa a2200000uu 4500
001 vtls011051354
003 SK-MaSNL
005 20260302113503.0
008 210904|2001 xo |||||||||||||||||eng|
015 |a SNBRA 
035 |a (urnnbn)urn:nbn:sk:snk:ar-a0buoz 
035 |a (uuid)b1b89d8e-bf55-468f-890f-e93ad4f15837 
035 |a urn:nbn:sk:snk-aav1q8 
040 |a SNKBUCL  |b slo  |c SNKBUCL  |e AACR2 
041 0 |a eng 
044 |a xo  |c SK 
100 1 |a Vojtko, Jozef,  |d 1976-  |4 aut  |9 213462 
245 1 0 |a THE MODEL OF OUTPUT OF PRESSURE FORCE SENSOR BY NEURAL NETWORK  |c Jozef Vojtko 
773 0 |t 1. Doktorandská konferencia Študentská vedecká odborná činnosť FEI TU v Košiciach  |d Košice : ETC Grafo, 2001  |g S. 83-84  |z 8096839527 
958 |a OND 
958 |a article12 
958 |a chapter 
999 |c 1255849  |d 1257779